Algebra lineal aplicada

I tiakina i:
Ngā taipitopito rārangi puna kōrero
Kaituhi matua: Noble, Ben (autor)
Ētahi atu kaituhi: Daniel, James W. (autor)
Hōputu: Pukapuka
Reo:Pāniora
I whakaputaina: Ciudad de México Prentice-Hall Hispanoamericana 1989
Ngā marau:
Ngā Tūtohu: Tāpirihia he Tūtohu
Kāore He Tūtohu, Me noho koe te mea tuatahi ki te tūtohu i tēnei pūkete!

MARC

LEADER 00000nam a2200000 a 4500
001 UCR7125
003 CL-VaPUC
005 20250225094617.0
008 980514e19890000MX |||||||||||||||||spa|d
999 |c 268947  |d 268945 
040 |c Pontificia Universidad Católica de Valparaíso 
082 0 4 |a 512.5  |b NOB  |2 21 
100 |a Noble, Ben  |e autor  |9 408420 
245 1 0 |a Algebra lineal aplicada 
260 |a Ciudad de México  |b Prentice-Hall Hispanoamericana  |c 1989 
300 |a 572 p 
583 |a last modification  |c 19980514 00:00:00  |k Rodrigo Vera 
650 0 |a Álgebra   |x Matrices  |9 369268 
650 0 |a Matrices   |9 22 
650 0 |a Ecuaciones  |9 260137 
650 0 |a Vectores  |9 317184 
650 0 |a Espacios vectoriales   |9 21 
650 0 |a Transformaciones lineales  |9 24 
650 0 |a Programación lineal   |9 23 
700 |a Daniel, James W.  |e autor  |9 876031 
942 |c BK  |2 ddc 
945 |d 19980514 00:00:00  |a rbrito